00659 2200217 4500001002100000005001700021008004100038035002400079040001200103082001200115084001800127100001800145245010300163250001100266260005500277300002500332504003100357650001600388700002500404850001200429INLIS00000000002352120161025133123.0  0010-101600000000473 aYOPDYOG 223a307 aDEP 307 The H aTHE LIANG GIE aHaluan ilmu bagi pembangunan nasional Indonesiac/ The Liang Gie; penerjemah, Achmad Marzuq Masudi aCet. 1 aYogyakartabYayasan Studi Ilmu dan Teknologic1992 a204 hlm.c; 22,5 cm. aBibliografi : hlm. 191-203 aPembangunan aAchmad Marzuq Masudi aYOPDYOG